00419nam a2200109Ia 4500008004100000050002400041100002600065245007700091260008600168300002800254521002700282140724s9999 xx 000 0 und d aQA 76.5b.R816 2009 aRosero, Mark Jed Sia. aAutomated inventory system of Unisia Enterpirses /cMark Jed Sia Rosero. aLas Piñas, Philippines :bSouthville International School and Colleges,cc2009. a40 p. :bill. ;c28 cm. aInformation Technology